00486 a2200169 4500020001500000020001800015082001000033100001900043245010100062250001200163260003700175300002100212490001700233700002600250700002300276830001700299 a0321581741 a9780321581747 a537.11 aReitz, John R.10aFoundations of electromagnetic theory /cJohn R. Reitz, Frederick J. Milford, Robert W. Christy. a4th ed. a[S.l.] :bAddison Wesley,c1960. a630 p. ;c23 cm.1 a4th edition.1 aMilford, Frederick J.1 aChristy, Robert W. 0a4th edition.